00501nam a2200169Ia 4500008004100000082001500041100002500056245003300081250000800114260003000122300001200152500002400164650001200188942000700200952010700207999001700314230524s9999 xx 000 0 und d a5.133bRAF aMohamed Rafiquzzaman 0aModern Computer Architecture a1ST aNEW DELHIbGalgotiac2005 aXII;963 aQuantity Number: 1 aComp-Sc cBK 00104070aTATCLbTATCLcGENd2023-05-24l0o005.133 RAFp15289r2023-05-24w2023-05-24yBKzBCSE3303 c36272d36272